000 00459nam a2200181Ia 4500
003 GCL
008 140319s9999 xx 000 0 eng d
040 _aGCL /
_cGCL
082 0 4 _a779
_bN E
100 1 _aNEWHALL, NANCY
245 1 0 _aEDWARD WESTON: THE FLAME OF RECOGNITITION /
_cNEWHALL, NANCY
260 _a[S.N] :
_bAN PEINTURE MONOGRAPH
300 _a104 P
650 0 4 _aARTS
650 0 4 _aPHOTOGRAPHY
650 0 4 _aWESTON, EDWARD
942 _2ddc
_cBK
999 _c19384
_d19384